| 000 | 00801cab a2200193 4500 | ||
|---|---|---|---|
| 001 | ##L132401 | ||
| 008 | 060203n2006 000 0 eng u | ||
| 035 | _a(Sirsi) u132401 | ||
| 041 | 0 | _aeng | |
| 100 | 1 | _aHughes, Rob | |
| 245 | 0 | 0 | _aDatabank |
| 260 | _c2006 | ||
| 490 | 0 |
_aProperty Week _v71(4) 27 January 2006, 52(1) |
|
| 520 | _aSuggests that development land in north/west England is in short supply. This argument is supported by evidence produced by the Valuation Office Agency consisting of a comparison between residential land values across the United Kingdom; a list of north-west land prices, plus a map of its residential markets. | ||
| 590 | _aIKA140206 | ||
| 650 | 2 | 4 | _aVALUATION OFFICE AGENCY |
| 690 | _aPROPERTY-RESIDENTIAL PROPERTY-RESIDENTIAL PROPERTY MARKET | ||
| 942 | _n0 | ||
| 999 |
_c76422 _d76422 |
||